000 01097nam a2200229 i 4500
001 188921
003 ES-MaACL
005 20251220174416.0
008 190227s1982 sp |||| | spa d
100 1 _aBudowski, Gerardo.
_9166486
245 1 0 _aPolíticas, estrategias y herramientas para la gestión de areas silvestres protegidas en América tropical /
_cGerardo Budowski.
260 _a[Madrid :
_bCIFCA,
_c1982?]
300 _a23 p. ;
_c30 cm.
490 1 _aOpiniones. Recursos naturales ;
_v3
500 _aEste documento fue presentado en el Seminario sobre Recursos naturales: bosques, zonas húmedas y sonas áridas y semiáridas, celebrado en Madrid del 8 al 12 de febrero de 1982.
650 4 _aRecursos naturales-
_zAmérica.
_9166487
710 2 _aCentro Internacional de Formación en Ciencias Ambientales (Madrid)
_9166480
711 2 _aSeminario sobre Recursos naturales: bosques, zonas húmedas y sonas áridas y semiáridas
_d(1982.
_cMadrid)
_9166483
830 0 _aOpiniones. Recursos naturales ;
_v3
_9193215
852 _aES-MaACL
_jP-466-3
999 _c188921
_d188921